| 000 | 00000nas##2200000za#4500 |
|---|---|
| 001 | 9.512913 |
| 003 | CaOODSP |
| 005 | 20200325125808 |
| 007 | ta |
| 008 | 150406c1997||||xxc|| m #||||f| |0fre|d |
| 040 | |aCaOODSP|bfre |
| 043 | |an-cn--- |
| 086 | 1 |aD83-5F |
| 110 | 1 |aCanada.|bProtection civile Canada. |
| 245 | 10|aRapport de projet |
| 260 | |aOttawa - Ontario : |bProtection civile Canada |
| 500 | |aDonnées de catalogage avant publication (Canada) imprimées dans ces publications. |
| 563 | |aFeuilles mobiles |
| 775 | 08|tProject report |w(CaOODSP)9.514505 |
| 776 | 0#|tRapport de projet |w(CaOODSP)9.503512 |